00957cam a2200253 a 450000100100000000500170001000800410002702000150006804000240008308200240010710000340013124501470016525000110031226000460032330000200036965000230038965000360041265000320044870000400048091000340052091000070055495201270056199900150068800000141120250715130127.0840822s1974 sp 000 0 spa  a8473530160 aDO-SdBNPcCarPdDLC a370. 9bR811t, 19741 aRoselló, Pedrod1897-9471913aLa teoría de las corrientes educativas :bcursillo de educación comparada dinámica /cPedro Roselló ; prólogo de José Blat Gimeno. a2a ed. aBarcelona :bPromoción Cultural,c1974. a19 p. ;c26 cm. 0aEducación951588 4aEducación intercultural94721 0aEducación comparada947221 aBlat Gimeno, José,epról.94723 aCatalogación por copia / LC aWM 001052708MOaGRbGRcHDd2009-07-20iLF1l0o370. 9 R811t, 1974p1411-10r2020-06-25w2020-06-25y2ZPréstamo interno c1332d1332